Little women
| Main Author: | |
|---|---|
| Format: | Book |
| Published: |
New York :
Aladdin ,
2019
|
| Series: | The little women collection
|
| Subjects: |
MARC
| LEADER | 00000cam a2200000 7i4500 | ||
|---|---|---|---|
| 001 | 0000278498 | ||
| 005 | 20201117094420.0 | ||
| 020 | |a 9781534462205 | ||
| 090 | 0 | 0 | |a JF |b ALC |
| 100 | 1 | |a Alcott, Louisa May | |
| 245 | 1 | 0 | |a Little women |c Louisa May Alcott |
| 260 | |a New York : |b Aladdin , |c 2019 | ||
| 300 | |a 327p. : |b ill. ; |c 19cm. | ||
| 490 | 0 | |a The little women collection | |
| 650 | 0 | |a Children's stories | |
| 999 | |a 00385828 |b BUKU |c PINJAMAN |e PERPUSTAKAAN KOMUNITI PETALING JAYA | ||